Fish farm techniques and hatchery management / (Record no. 2536)

MARC details
000 -LEADER
fixed length control field 00620nam a22002057a 4500
005 - DATE AND TIME OF LATEST TRANSACTION
control field 20260304074442.0
008 - FIXED-LENGTH DATA ELEMENTS--GENERAL INFORMATION
fixed length control field 260302b |||||||| |||| 00| 0 eng d
020 ## - INTERNATIONAL STANDARD BOOK NUMBER
International Standard Book Number 978-93-95337-83-0
082 ## - DEWEY DECIMAL CLASSIFICATION NUMBER
Classification number 639.3 R185 2023
100 ## - MAIN ENTRY--PERSONAL NAME
Personal name Rana, Nisha
9 (RLIN) 315
245 ## - TITLE STATEMENT
Title Fish farm techniques and hatchery management /
Statement of responsibility, etc. Nisha Rana
250 ## - EDITION STATEMENT
Edition statement 1st ed.
260 ## - PUBLICATION, DISTRIBUTION, ETC.
Place of publication, distribution, etc. New Delhi, IN:
Name of publisher, distributor, etc. Paradise Press,
Date of publication, distribution, etc. c2023
300 ## - PHYSICAL DESCRIPTION
Extent xi, 270p.:
Other physical details ill.
504 ## - BIBLIOGRAPHY, ETC. NOTE
Bibliography, etc. note Includes bibliographies and index
541 ## - IMMEDIATE SOURCE OF ACQUISITION NOTE
Accession number 7942 c.1
650 ## - SUBJECT ADDED ENTRY--TOPICAL TERM
Topical term or geographic name entry element Fish culture
9 (RLIN) 322
650 ## - SUBJECT ADDED ENTRY--TOPICAL TERM
Topical term or geographic name entry element Fishery management
9 (RLIN) 323
650 ## - SUBJECT ADDED ENTRY--TOPICAL TERM
Topical term or geographic name entry element Fish hatcheries - Management
9 (RLIN) 324
Holdings
Withdrawn status Lost status Source of classification or shelving scheme Damaged status Not for loan Home library Current library Date acquired Total Checkouts Full call number Barcode Date last seen Copy number Price effective from Koha item type
    Dewey Decimal Classification     ctu-moalboal ctu-moalboal 06/20/2024   639.3 R185 2023 7942 03/02/2026 1 03/02/2026 Books-Reference